000 00941nam a22003137a 4500
001 BR6000115
003 BR-BrBNA
005 20230928083015.0
007 ta
008 230509b bl.||||| |||| 00| 0 por d
040 _aBR-BrBNA
_bpor
_cBiblioteca Nacional de Agricultura
041 _a(Por)
072 _aE70; M00
_b9800
_b/G514
090 _ 9800 BR6000115
110 1 _aSuperintendencia do Desenvolvimento do Nordeste, Sao Luis, MA (Brasil);
_910195
110 1 _aEscritorio Maranhense de Estatistica e Planejamento Ltda., Sao Luis, MA (Brasil)
245 1 _aPesquisa do mercado de peixe na cidade de Sao Luis - Maranhao [Brasil]
260 3 _aSao Luis, MA (Brasil):
_c1969.
300 _a72 p.
500 _a11 ref.
650 _aPEIXE
650 _aPESQUISA DE MERCADO
650 _aMERCADO
650 _aCONSUMO
650 _aSAO LUIS
650 _aMARANHAO
909 _a202309
_bLucia
_c55
_dLucia Elande
942 _cBK
999 _c11070
_d11070